[Event "Buenos Aires op"]
[Site "Buenos Aires"]
[Date "2011.11.17"]
[Round "2"]
[White "Pizzatti, Mario"]
[Black "Quinones, Hector Alejandro"]
[Result "0-1"]
[WhiteElo "1662"]
[BlackElo "1955"]
[PlyCount "54"]
[EventDate "2011.11.11"]
[EventType "swiss"]
[EventRounds "9"]
[EventCountry "ARG"]
[SourceTitle "CBM 145 Extra"]
[Source "ChessBase"]
[SourceDate "2012.01.03"]
[SourceVersion "1"]
[SourceVersionDate "2012.01.03"]
[SourceQuality "1"]

1. d4 Nf6 2. Bg5 e6 3. Nc3 d5 4. Nf3 Be7 5. e3 0-0 6. Be2 b6 7. Ne5 h6 8. Bh4 c5 9. 0-0 Bb7 10. f4 cxd4 11. exd4 Nc6 12. Nxc6 Bxc6 13. f5 Ne4 14. Bxe7 Qxe7 15. Nxe4 dxe4 16. Qd2 exf5 17. Qe3 Rad8 18. c4 Qf6 19. d5 Bd7 20. Rab1 g5 21. g4 f4 22. Qxe4 Rfe8 23. Qg2 Re3 24. Rf3 Rde8 25. Rxe3 Rxe3 26. Bf3 Qd4 27. Kf1 Qd3+ 0-1

[Event "Buenos Aires Duchamp op 1st"]
[Site "Buenos Aires"]
[Date "2011.09.20"]
[Round "7"]
[White "Valente, Hector Manuel"]
[Black "Pizzatti, Mario"]
[Result "1-0"]
[WhiteElo "1849"]
[BlackElo "1655"]
[PlyCount "48"]
[EventDate "2011.09.12"]
[EventType "swiss"]
[EventRounds "9"]
[EventCountry "ARG"]
[SourceTitle "EXT 2014"]
[Source "ChessBase"]
[SourceDate "2013.11.20"]
[SourceVersion "1"]
[SourceVersionDate "2013.11.20"]
[SourceQuality "1"]

1. d4 Nf6 2. c4 d6 3. Nc3 g6 4. e4 Bg7 5. Bd3 e5 6. d5 0-0 7. Nge2 Nbd7 8. b4 h6 9. 0-0 g5 10. f3 Nh5 11. Be3 b6 12. a4 Nf4 13. Rc1 Nxd3 14. Qxd3 a5 15. b5 Nf6 16. g4 Nd7 17. Ng3 Nc5 18. Qc2 f6 19. Kg2 Bd7 20. Nf5 Bxf5 21. exf5 Nd7 22. h4 Kf7 23. Rh1 Rh8 24. Rh3 Qe7 1-0

[Event "Buenos Aires Bolivar op 4th"]
[Site "Buenos Aires"]
[Date "2011.06.20"]
[Round "6"]
[White "Romano, Guillermo"]
[Black "Pizzatti, Mario"]
[Result "0-1"]
[WhiteElo "1865"]
[BlackElo "1617"]
[PlyCount "70"]
[EventDate "2011.06.13"]
[EventType "swiss"]
[EventRounds "9"]
[EventCountry "ARG"]
[SourceTitle "EXT 2014"]
[Source "ChessBase"]
[SourceDate "2013.11.20"]
[SourceVersion "1"]
[SourceVersionDate "2013.11.20"]
[SourceQuality "1"]

1. e4 c6 2. d4 d5 3. e5 Na6 4. c3 Bf5 5. Be3 Qb6 6. b4 e6 7. a3 Nc7 8. Nd2 a5 9. Ngf3 h6 10. Be2 a4 11. 0-0 Ne7 12. c4 Bh7 13. Rc1 Nf5 14. c5 Qa7 15. Bf4 g5 16. Bg3 Be7 17. h3 Nb5 18. Nb1 Nxg3 19. fxg3 Bxb1 20. Rxb1 Nxa3 21. Ra1 Nb5 22. Bxb5 cxb5 23. Qd3 Qa6 24. Nd2 Qc6 25. Qf3 0-0 26. Qh5 Kg7 27. h4 f6 28. hxg5 fxg5 29. Rf3 Qe8 30. Qxe8 Raxe8 31. Nb1 g4 32. Rxf8 Rxf8 33. Nc3 Bg5 34. Nxb5 Be3+ 35. Kh2 Rf5 0-1